000 00911nam a2200265Ia 4500
003 OSt
005 20220923211102.0
006 a|||||r|||| 00| 0
007 ta
008 220922b |||||||| |||| 00| 0 pan d
020 _a8178834227 (hbk)
_c100
024 _a349,506
037 _b173, 15/02/2019, National Book Shop
_cTextual
040 _aARTS
_cARTS
_bpan
041 _2pan
_apan
082 _aO153,3NKA,PA, P8
100 _aਕਾਲੀ, ਦੇF ਰਾਜ, ਂਚ.
_9158020
245 0 _aਪਰਣੇFਵਰੀ
260 _aਲੁਧਿਆਨਾ
_b ਚੇਤਨਾ ਪ੍ਰਕਾFਨ
_c2008
300 _a95ਪ੍ਰ0
_ccm.
650 _a ਪੰਜਾਬੀ ਕਹਾਣੀ
650 _aਪੰਜਾਬੀ ਸਾਹਿਤ
942 _hO153,3NKA,PA, P8
_cTEXL
_2CC
999 _c295019
_d295019